Vista normal
Vista MARC
Entrada Nombre corporativo
Número de registros utilizados en: 31
001 - NÚMERO DE CONTROL
- Campo de control: 4955
003 - IDENTIFICADOR DE NÚMERO DE CONTROL
- Campo de control: ES-MaCES
005 - FECHA Y HORA DE LA ULTIMA MODIFICACION
- Campo de control: 20110325132900.0
008 - ELEMENTOS DE DATOS DE LONGITUD FIJA
- Campo de longitud fija: 050720 | azznnaabn || ana d
035 ## - NÚMERO DE CONTROL DEL SISTEMA
- Número de control del sistema: CES20050001393e
040 ## - FUENTE DE LA CATALOGACIÓN
- Agencia original de catalogación: ES-MaCES
- Idioma de catalogación: spa
- Agencia de transcripción: ES-MaCES
110 2# - ENCABEZAMIENTO--NOMBRE CORPORATIVO
- Nombre corporativo o de jurisdicción como elemento de entrada: Servicio Público de Empleo Estatal (España)
- Unidad subordinada: Observatorio de las Ocupaciones
410 2# - TRAZADO VEÁSE--NOMBRE CORPORATIVO
- Nombre corporativo o de jurisdicción como elemento de entrada: España
- Unidad subordinada: Ministerio de Empleo y Seguridad Social
- Unidad subordinada: Servicio Público de Empleo Estatal (...). Observatorio de las Ocupaciones
410 2# - TRAZADO VEÁSE--NOMBRE CORPORATIVO
- Nombre corporativo o de jurisdicción como elemento de entrada: Instituto de Empleo Servicio Público de Empleo Estatal (España)
- Unidad subordinada: Observatorio Ocupacional
410 2# - TRAZADO VEÁSE--NOMBRE CORPORATIVO
- Nombre corporativo o de jurisdicción como elemento de entrada: Instituto de Empleo Servicio Público de Empleo Estatal (España)
- Unidad subordinada: Servicio de Observatorio Ocupacional
670 ## - FUENTE DE DATOS ENCONTRADOS
- Fuente de citación: BN
901 ## - CES. DATOS SIRTEX
- ID Sirtex (N5N8): 0001800006343
- 005BIS Sirtex: 200507201429ALORITE

